[Event "CAN-op"]
[Site "Edmonton CAN"]
[Date "2005.07.16"]
[Round "9"]
[White "Charbonneau, Pascal"]
[Black "Roy Chowdhury, Saptarshi"]
[Result "0-1"]
[WhiteElo "2527"]
[BlackElo "2421"]
[PlyCount "100"]
[GameId "2160767910902101"]
[EventDate "2005.07.09"]
[EventType "swiss"]
[EventRounds "10"]
[EventCountry "CAN"]
[SourceTitle "CBM 107 Extra"]
[Source "ChessBase"]
[SourceDate "2005.09.01"]
[SourceVersion "1"]
[SourceVersionDate "2005.09.01"]
[SourceQuality "1"]

1. e4 c5 2. Nf3 Nc6 3. d4 cxd4 4. Nxd4 e5 5. Nb5 d6 6. c4 Be7 7. N1c3 a6 8. Na3 f5 9. exf5 Bxf5 10. Bd3 Be6 11. O-O Nf6 12. Nc2 O-O 13. Nd5 Kh8 14. Nce3 Nd4 15. b3 Nxd5 16. Nxd5 Bxd5 17. cxd5 g6 18. Bb2 Bf6 19. Be4 Rc8 20. g3 Qa5 21. h4 Qb4 22. Re1 Rc7 23. h5 gxh5 24. Qxh5 Nc2 25. Qh6 Kg8 26. Bxh7+ Rxh7 27. Qg6+ Bg7 28. Qxc2 Qg4 29. Qe4 Rf4 30. Qg2 Rf3 31. Rac1 b5 32. Rc8+ Bf8 33. Rc3 e4 34. Rc2 Re7 35. Bc1 Bg7 36. Bf4 Bd4 37. Rce2 Rf7 38. Be3 Be5 39. Bb6 Qg6 40. Rxe4 Bxg3 41. R1e2 Rg7 42. Kf1 Qf5 43. Re8+ Kh7 44. Qh1+ Bh2 45. R2e4 Rg1+ 46. Qxg1 Bxg1 47. R4e7+ Kg6 48. Rg8+ Kf6 49. Re2 Kf7 50. Rxg1 Rd3 0-1

[Event "CAN-op"]
[Site "Edmonton CAN"]
[Date "2005.07.17"]
[Round "10.11"]
[White "Gardner, Robert"]
[Black "Charbonneau, Pascal"]
[Result "1-0"]
[WhiteElo "2221"]
[BlackElo "2527"]
[PlyCount "95"]
[GameId "2160767910902206"]
[EventDate "2005.07.09"]
[EventType "swiss"]
[EventRounds "10"]
[EventCountry "CAN"]

1. f4 Nc6 2. Nf3 d5 3. e3 g6 4. Bb5 Bg7 5. Ne5 Qd6 6. d4 Nh6 7. c4 O-O 8. cxd5 Qxd5 9. Bxc6 bxc6 10. O-O Ba6 11. Nc3 Qe6 12. Rf2 c5 13. d5 Qc8 14. Nc6 Qe8 15. Ne4 Bb5 16. Na5 Ba4 17. Qd3 e6 18. Nxc5 Rd8 19. e4 Bb5 20. Qh3 exd5 21. e5 Qe7 22. Nab3 a5 23. a4 Bc4 24. g4 f5 25. exf6 Qxf6 26. Nxa5 Qe7 27. Nxc4 dxc4 28. Be3 Rfe8 29. Rf3 Nf7 30. f5 Bxb2 31. Raf1 Ne5 32. Rg3 c3 33. Ne6 c2 34. Qg2 Nc4 35. Bg5 Rd1 36. Qxc2 Rxf1+ 37. Kxf1 Qb4 38. Rb3 Qxa4 39. Nc5 Qa1+ 40. Kg2 Qa8+ 41. Rb7 Na5 42. Qxb2 Nxb7 43. Qb3+ Kg7 44. Qc3+ Kg8 45. Qc4+ Kg7 46. Qd4+ Kg8 47. Qd5+ Kg7 48. f6+ 1-0

[Event "CAN-ch playoff"]
[Site "Toronto CAN"]
[Date "2004.08.30"]
[Round "1"]
[White "Charbonneau, Pascal"]
[Black "Lawson, Eric"]
[Result "1-0"]
[WhiteElo "2472"]
[BlackElo "2276"]
[PlyCount "93"]
[GameId "2160767911077802"]
[EventDate "2004.08.30"]
[EventType "match (rapid)"]
[EventRounds "2"]
[EventCountry "CAN"]
[SourceTitle "CBM 102 Extra"]
[Source "ChessBase"]
[SourceDate "2004.11.03"]
[SourceVersion "1"]
[SourceVersionDate "2004.11.03"]
[SourceQuality "1"]

1. e4 c5 2. Nf3 Nc6 3. Nc3 e5 4. Bc4 d6 5. d3 Be7 6. O-O Nf6 7. h3 O-O 8. a3 Be6 9. Nd5 h6 10. Bd2 Rb8 11. b4 b5 12. Bb3 Qc8 13. bxc5 dxc5 14. Nxe7+ Nxe7 15. Nxe5 c4 16. Ba2 Ng6 17. Nxg6 fxg6 18. f4 Rd8 19. Qe2 cxd3 20. cxd3 Bxa2 21. Rxa2 Qd7 22. Ba5 Qd4+ 23. Kh2 Rd7 24. Rf3 Rc8 25. Qb2 Qa4 26. Bc3 Nh5 27. Be5 Qd1 28. Ra1 Qa4 29. Rc1 Rcd8 30. Qc3 a5 31. g4 Nf6 32. Bxf6 gxf6 33. Qxf6 Qxa3 34. Qxg6+ Rg7 35. Qe6+ Kh7 36. Qf5+ Kg8 37. Rc8 Rxc8 38. Qxc8+ Qf8 39. Qc2 Qb4 40. e5 a4 41. f5 Qd4 42. e6 Qd6+ 43. Kg2 Rc7 44. Qe2 Qc6 45. f6 Qc2 46. f7+ Kf8 47. e7+ 1-0

[Event "CAN-ch playoff"]
[Site "Toronto CAN"]
[Date "2004.08.30"]
[Round "2"]
[White "Lawson, Eric"]
[Black "Charbonneau, Pascal"]
[Result "0-1"]
[WhiteElo "2276"]
[BlackElo "2472"]
[PlyCount "126"]
[GameId "2160767911077803"]
[EventDate "2004.08.30"]
[EventType "match (rapid)"]
[EventRounds "2"]
[EventCountry "CAN"]
[SourceTitle "CBM 102 Extra"]
[Source "ChessBase"]
[SourceDate "2004.11.03"]
[SourceVersion "1"]
[SourceVersionDate "2004.11.03"]
[SourceQuality "1"]

1. e4 e5 2. Nf3 Nf6 3. Nxe5 d6 4. Nf3 Nxe4 5. d4 d5 6. Bd3 Be7 7. O-O Nc6 8. c4 Nf6 9. Nc3 O-O 10. h3 Nb4 11. Be2 dxc4 12. Bxc4 c6 13. a3 Nbd5 14. Ne5 Be6 15. Bd3 c5 16. Nxd5 Qxd5 17. Nf3 Rfd8 18. Be3 Bf5 19. Be2 cxd4 20. Qxd4 Qxd4 21. Nxd4 Be4 22. Nb5 a6 23. Nc3 Bc6 24. b4 Ne4 25. Nxe4 Bxe4 26. Rac1 Bc6 27. Rc2 g6 28. Rfc1 a5 29. Bc5 Bxc5 30. bxc5 Rd4 31. Rb2 Rad8 32. Rb6 Rd2 33. Ba6 R8d7 34. Bb5 Bxb5 35. Rxb5 a4 36. Rc4 Ra2 37. Rxa4 Rd1+ 38. Kh2 Rxf2 39. Rxb7 Rdd2 40. Rg4 Rc2 41. Rc7 Rf5 42. c6 Rf6 43. a4 Rfxc6 44. Rxc6 Rxc6 45. a5 Ra6 46. Ra4 f5 47. Kg3 Kf7 48. Kf4 Kf6 49. h4 h6 50. Ke3 Ke5 51. Kd3 Kd5 52. Kc3 Kc5 53. Kb3 g5 54. h5 f4 55. Re4 Kd5 56. Ra4 Kc5 57. Ra1 Kb5 58. Kc3 Rxa5 59. Re1 Ra2 60. Re6 Rxg2 61. Rxh6 f3 62. Kd3 g4 63. Rf6 Rh2 0-1

[Event "CAN-ch"]
[Site "Toronto CAN"]
[Date "2004.08.20"]
[Round "1.4"]
[White "Davies, Lucas"]
[Black "Charbonneau, Pascal"]
[Result "0-1"]
[WhiteElo "2153"]
[BlackElo "2506"]
[PlyCount "70"]
[GameId "2160767911077826"]
[EventDate "2004.08.20"]
[EventType "swiss"]
[EventRounds "11"]
[EventCountry "CAN"]

1. e4 c5 2. Nc3 Nc6 3. g3 g6 4. Bg2 Rb8 5. d3 b5 6. Be3 b4 7. Nce2 Bg7 8. d4 Qa5 9. Nf3 Ba6 10. d5 Ne5 11. Nxe5 Bxe5 12. Bf4 Bxe2 13. Kxe2 Qa6+ 14. Qd3 c4 15. Qe3 d6 16. Bxe5 dxe5 17. Bf1 Nf6 18. Kf3 Qc8 19. h3 O-O 20. Kg2 e6 21. dxe6 Qxe6 22. Be2 Qc6 23. f3 a5 24. Rhd1 Rbd8 25. c3 Rxd1 26. Rxd1 Qa4 27. cxb4 axb4 28. Qg5 Nh5 29. Qxe5 Qxa2 30. Kf2 Rc8 31. g4 Ng7 32. Qe7 h5 33. Qxb4 Qa7+ 34. Kg3 Ne6 35. Rd5 Qg1+ 0-1

[Event "CAN-ch"]
[Site "Toronto CAN"]
[Date "2004.08.21"]
[Round "2"]
[White "Charbonneau, Pascal"]
[Black "Huber, Gregory"]
[Result "1-0"]
[WhiteElo "2472"]
[BlackElo "2219"]
[PlyCount "51"]
[GameId "2160767911077850"]
[EventDate "2004.08.20"]
[EventType "swiss"]
[EventRounds "11"]
[EventCountry "CAN"]
[SourceTitle "CBM 101 Extra"]
[Source "ChessBase"]
[SourceDate "2004.09.01"]
[SourceVersion "2"]
[SourceVersionDate "2004.09.01"]
[SourceQuality "1"]

1. e4 c5 2. Nf3 e6 3. c4 a6 4. Nc3 Qc7 5. a3 Nc6 6. Be2 Nf6 7. d4 cxd4 8. Nxd4 Be7 9. Be3 O-O 10. Rc1 d6 11. O-O Bd7 12. f3 Rfc8 13. Qd2 Ne5 14. f4 Neg4 15. Kh1 Nxe3 16. Qxe3 Qb6 17. e5 Ne8 18. b4 g6 19. exd6 Qxd6 20. c5 Qc7 21. f5 gxf5 22. Nxf5 Bf8 23. Qg5+ Kh8 24. Nh6 Bxh6 25. Qxh6 Ng7 26. Rxf7 1-0

[Event "CAN-ch"]
[Site "Toronto CAN"]
[Date "2004.08.22"]
[Round "3.2"]
[White "Barron, Michael"]
[Black "Charbonneau, Pascal"]
[Result "0-1"]
[WhiteElo "2257"]
[BlackElo "2506"]
[PlyCount "84"]
[GameId "2160767911077893"]
[EventDate "2004.08.20"]
[EventType "swiss"]
[EventRounds "11"]
[EventCountry "CAN"]

1. e4 c5 2. Nf3 g6 3. d4 Bg7 4. Nc3 cxd4 5. Nxd4 Nc6 6. Be3 Nf6 7. Be2 O-O 8. O-O d6 9. Nb3 a6 10. a4 Be6 11. f4 Na5 12. Nd4 Bc4 13. Bd3 e5 14. Nb3 exf4 15. Nxa5 Qxa5 16. Rxf4 Nh5 17. Rf2 Rac8 18. Bxc4 Rxc4 19. Qd3 Qb4 20. Nd5 Qxb2 21. Raf1 Rd4 22. Bxd4 Bxd4 23. Ne3 Qb6 24. Re2 Rc8 25. c4 d5 26. Kh1 Bxe3 27. Rxe3 dxc4 28. Qd7 Qc7 29. Rxf7 Qxd7 30. Rxd7 b5 31. axb5 axb5 32. e5 c3 33. Red3 b4 34. Rd8+ Rxd8 35. Rxd8+ Kf7 36. Rc8 Nf4 37. g3 Nd5 38. Kg2 b3 39. Kf3 b2 40. Ke4 b1=Q+ 41. Kxd5 Qb7+ 42. Rc6 c2 0-1

[Event "CAN-ch"]
[Site "Toronto CAN"]
[Date "2004.08.23"]
[Round "4.1"]
[White "Charbonneau, Pascal"]
[Black "Bluvshtein, Mark"]
[Result "1/2-1/2"]
[WhiteElo "2506"]
[BlackElo "2520"]
[PlyCount "34"]
[GameId "2160767911077928"]
[EventDate "2004.08.20"]
[EventType "swiss"]
[EventRounds "11"]
[EventCountry "CAN"]

1. e4 e5 2. Bc4 Nf6 3. d3 Nc6 4. Nc3 Na5 5. Nge2 Be7 6. O-O O-O 7. a4 Nxc4 8. dxc4 c6 9. Qd3 Bc5 10. Qg3 d6 11. Bg5 Be6 12. b3 Kh8 13. Rad1 Nh5 14. Qh4 f6 15. Be3 Qe8 16. Ng3 Bxe3 17. fxe3 Nxg3 1/2-1/2

[Event "CAN-ch"]
[Site "Toronto CAN"]
[Date "2004.08.24"]
[Round "5.1"]
[White "Spraggett, Kevin"]
[Black "Charbonneau, Pascal"]
[Result "1/2-1/2"]
[WhiteElo "2630"]
[BlackElo "2506"]
[PlyCount "80"]
[GameId "2160767911077964"]
[EventDate "2004.08.20"]
[EventType "swiss"]
[EventRounds "11"]
[EventCountry "CAN"]

1. e4 e5 2. Nf3 Nf6 3. d4 Nxe4 4. Bd3 d5 5. Nxe5 Nd7 6. Nxd7 Bxd7 7. O-O Bd6 8. Nc3 Nxc3 9. bxc3 Qh4 10. g3 Qh3 11. Re1+ Be6 12. c4 dxc4 13. Bxc4 O-O 14. Bf1 Qf5 15. c4 c6 16. a4 Rfd8 17. Qb3 Rab8 18. Qc3 a5 19. c5 Bc7 20. Bb2 Qf6 21. Re3 Bd5 22. Rae1 b6 23. Re7 bxc5 24. dxc5 Rf8 25. Qxf6 gxf6 26. Rxc7 Rxb2 27. Bg2 Rc2 28. Bxd5 cxd5 29. Ree7 Rc4 30. Red7 d4 31. c6 Rxa4 32. Ra7 Rc4 33. Rxa5 Rxc6 34. Rxd4 Rfc8 35. Rg4+ Kh8 36. Rf5 Re8 37. Rgf4 Kg7 38. Rh5 Re5 39. Rg4+ Kh8 40. Rh6 f5 1/2-1/2

[Event "CAN-ch"]
[Site "Toronto CAN"]
[Date "2004.08.25"]
[Round "6.3"]
[White "Charbonneau, Pascal"]
[Black "Zugic, Igor"]
[Result "1/2-1/2"]
[WhiteElo "2506"]
[BlackElo "2522"]
[PlyCount "58"]
[GameId "2160767911078000"]
[EventDate "2004.08.20"]
[EventType "swiss"]
[EventRounds "11"]
[EventCountry "CAN"]

1. e4 c5 2. Nf3 d6 3. d4 cxd4 4. Nxd4 Nf6 5. Nc3 a6 6. Bc4 e6 7. Bb3 Nbd7 8. Bg5 Nc5 9. Qf3 Be7 10. O-O-O Qc7 11. Rhe1 Nxb3+ 12. axb3 O-O 13. Qg3 b5 14. Bh6 Ne8 15. Kb1 Kh8 16. Bg5 b4 17. Bxe7 Qxe7 18. Na4 Qc7 19. e5 dxe5 20. Qxe5 Bb7 21. f3 Qxe5 22. Rxe5 Nc7 23. Nc5 Bd5 24. Nd7 Rfd8 25. Nb6 Rab8 26. Nxd5 Nxd5 27. Ree1 Rbc8 28. g3 g5 29. Ne2 Ne3 1/2-1/2

[Event "CAN-ch"]
[Site "Toronto CAN"]
[Date "2004.08.26"]
[Round "7.4"]
[White "MacPhail, John"]
[Black "Charbonneau, Pascal"]
[Result "0-1"]
[WhiteElo "2333"]
[BlackElo "2506"]
[PlyCount "51"]
[GameId "2160767911078034"]
[EventDate "2004.08.20"]
[EventType "swiss"]
[EventRounds "11"]
[EventCountry "CAN"]

1. e4 c5 2. Nf3 g6 3. d4 Bg7 4. d5 Nf6 5. Nc3 O-O 6. e5 Ng4 7. Ng5 Nh6 8. h4 f6 9. Nge4 Nf7 10. exf6 exf6 11. d6 Re8 12. Be2 b6 13. Qd5 Nc6 14. Bc4 Rf8 15. Bf4 Bb7 16. Qd2 Kh8 17. O-O-O Nd4 18. h5 g5 19. h6 Nxh6 20. Nxg5 fxg5 21. Bxg5 Rxf2 22. Qe3 Ndf5 23. Qxf2 Qxg5+ 24. Kb1 Ne3 25. Qd2 Bf6 26. Bd3 0-1

[Event "CAN-ch"]
[Site "Toronto CAN"]
[Date "2004.08.29"]
[Round "9.3"]
[White "Charbonneau, Pascal"]
[Black "Milicevic, Goran"]
[Result "1-0"]
[WhiteElo "2506"]
[BlackElo "2328"]
[PlyCount "91"]
[GameId "2160767911086295"]
[EventDate "2004.08.20"]
[EventType "swiss"]
[EventRounds "11"]
[EventCountry "CAN"]

1. e4 e6 2. d4 d5 3. Nc3 Bb4 4. e5 c5 5. a3 Bxc3+ 6. bxc3 Qa5 7. Bd2 Qa4 8. Qg4 g6 9. Ra2 b6 10. Nf3 Ba6 11. Bd3 Bxd3 12. cxd3 Qb5 13. O-O Qxd3 14. dxc5 Nd7 15. c6 Nc5 16. Nd4 Ne7 17. Bg5 h5 18. Qf4 Nf5 19. Bf6 Rg8 20. a4 Nxd4 21. cxd4 Ne4 22. a5 b5 23. c7 Rc8 24. Bd8 g5 25. Qe3 Qxe3 26. fxe3 Nc3 27. Rc2 b4 28. a6 Rf8 29. Rb2 Nb5 30. Rc1 Kd7 31. Rxb4 Nxc7 32. Bxg5 Rb8 33. Be7 Rxb4 34. Bxb4 Ra8 35. Bd6 Nxa6 36. Kf2 f5 37. Kf3 Rc8 38. Rxc8 Kxc8 39. Kf4 Nc7 40. Bb4 Kd7 41. Kg5 Ke8 42. Kxh5 Kf7 43. Kg5 Na8 44. Ba5 Nb6 45. Bxb6 axb6 46. Kf4 1-0

[Event "Montreal-A"]
[Site "Montreal CAN"]
[Date "2004.08.04"]
[Round "1"]
[White "Charbonneau, Pascal"]
[Black "Zugic, Igor"]
[Result "0-1"]
[WhiteElo "2472"]
[BlackElo "2465"]
[PlyCount "80"]
[GameId "2160767911086400"]
[EventDate "2004.08.04"]
[EventType "tourn"]
[EventRounds "11"]
[EventCountry "CAN"]
[EventCategory "12"]
[SourceTitle "CBM 103"]
[Source "ChessBase"]
[SourceDate "2004.11.11"]
[SourceVersion "1"]
[SourceVersionDate "2004.11.11"]
[SourceQuality "1"]

1. e4 c5 2. Nf3 d6 3. d4 cxd4 4. Nxd4 Nf6 5. Nc3 a6 6. Be2 e5 7. Nb3 Be7 8. O-O Be6 9. Kh1 O-O 10. f4 exf4 11. Bxf4 Nc6 12. Nd4 Ne5 13. Nf5 Bxf5 14. exf5 Rc8 15. Qe1 Qb6 16. Rb1 Rfe8 17. Qg3 Bf8 18. Bg5 Ned7 19. Bd3 d5 20. Qh4 h6 21. Bd2 Ne5 22. b3 Nxd3 23. cxd3 d4 24. Na4 Qd6 25. Bf4 Qd8 26. Rfe1 b5 27. Nb2 Rxe1+ 28. Qxe1 Qd5 29. Rc1 Rxc1 30. Bxc1 Qxf5 31. h3 Bd6 32. Kg1 Nd5 33. Bd2 Qe6 34. Qxe6 fxe6 35. Nd1 Bb4 36. Bc1 Nc3 37. Nxc3 dxc3 38. Kf2 Bc5+ 39. Kf3 b4 40. Ke2 Be7 0-1

[Event "Montreal-A"]
[Site "Montreal CAN"]
[Date "2004.08.07"]
[Round "4"]
[White "Novikov, Igor A"]
[Black "Charbonneau, Pascal"]
[Result "1-0"]
[WhiteElo "2610"]
[BlackElo "2472"]
[PlyCount "99"]
[GameId "2160767911086420"]
[EventDate "2004.08.04"]
[EventType "tourn"]
[EventRounds "11"]
[EventCountry "CAN"]
[EventCategory "12"]
[SourceTitle "CBM 103"]
[Source "ChessBase"]
[SourceDate "2004.11.11"]
[SourceVersion "1"]
[SourceVersionDate "2004.11.11"]
[SourceQuality "1"]

1. d4 d5 2. c4 c6 3. Nf3 Nf6 4. Nc3 a6 5. e3 b5 6. b3 Bf5 7. Bd3 e6 8. O-O Nbd7 9. Bb2 Bxd3 10. Qxd3 Be7 11. c5 Qb8 12. b4 a5 13. a3 O-O 14. Rad1 Bd8 15. Nd2 e5 16. e4 exd4 17. Qxd4 Bc7 18. g3 Be5 19. Qd3 axb4 20. axb4 Nxc5 21. bxc5 b4 22. Nxd5 cxd5 23. Bxe5 Qxe5 24. exd5 Qxd5 25. Qxd5 Nxd5 26. Ne4 f5 27. Rxd5 fxe4 28. c6 Rfc8 29. Rc1 b3 30. Rb5 Rab8 31. Rb7 h6 32. Rb1 Ra8 33. c7 Kf7 34. Rc1 Ke7 35. Rc4 Kd7 36. Rd4+ Kc6 37. Rxb3 Ra1+ 38. Kg2 Rc1 39. Rxe4 Rxc7 40. Rd3 Rf7 41. Re6+ Kc7 42. Ra6 Kb7 43. Rda3 Rcc7 44. Ra7+ Kc8 45. Rxc7+ Rxc7 46. Rd3 Rd7 47. Rxd7 Kxd7 48. Kf3 Ke6 49. Ke4 Kf6 50. f4 1-0

[Event "Montreal-A"]
[Site "Montreal CAN"]
[Date "2004.08.08"]
[Round "5"]
[White "Charbonneau, Pascal"]
[Black "Tyomkin, Dimitri"]
[Result "1-0"]
[WhiteElo "2472"]
[BlackElo "2498"]
[PlyCount "89"]
[GameId "2160767911086423"]
[EventDate "2004.08.04"]
[EventType "tourn"]
[EventRounds "11"]
[EventCountry "CAN"]
[EventCategory "12"]
[SourceTitle "CBM 103"]
[Source "ChessBase"]
[SourceDate "2004.11.11"]
[SourceVersion "1"]
[SourceVersionDate "2004.11.11"]
[SourceQuality "1"]

1. e4 c5 2. Nf3 Nc6 3. d4 cxd4 4. Nxd4 Nf6 5. Nc3 d6 6. Bg5 e6 7. Qd2 a6 8. O-O-O Be7 9. f4 Bd7 10. Be2 h6 11. Bh4 Qb6 12. Nb3 O-O-O 13. Bf3 Qc7 14. Bf2 Na5 15. Nxa5 Qxa5 16. Qe3 Qc7 17. Kb1 Bc6 18. Rd2 g5 19. g3 gxf4 20. gxf4 Rhg8 21. h3 d5 22. exd5 exd5 23. Qe2 Bb4 24. Bd4 Bxc3 25. Bxc3 Ne4 26. Bxe4 dxe4 27. Rxd8+ Rxd8 28. Qe3 Qd6 29. b3 Qg6 30. Rg1 Qh5 31. Rg4 Qb5 32. Kb2 Qf1 33. Ba5 Rd1 34. Ka3 Qb5 35. Rg8+ Be8 36. Qc3+ Kd7 37. Qc7+ Ke6 38. Qe5+ Qxe5 39. Rxe8+ Kf5 40. fxe5 e3 41. Re7 Kg6 42. Rxb7 e2 43. Rb6+ Kf5 44. Rf6+ Kxe5 45. Rxf7 1-0

[Event "Montreal-A"]
[Site "Montreal CAN"]
[Date "2004.08.09"]
[Round "6"]
[White "Bluvshtein, Mark"]
[Black "Charbonneau, Pascal"]
[Result "1-0"]
[WhiteElo "2462"]
[BlackElo "2472"]
[PlyCount "69"]
[GameId "2160767911086429"]
[EventDate "2004.08.04"]
[EventType "tourn"]
[EventRounds "11"]
[EventCountry "CAN"]
[EventCategory "12"]
[SourceTitle "CBM 103"]
[Source "ChessBase"]
[SourceDate "2004.11.11"]
[SourceVersion "1"]
[SourceVersionDate "2004.11.11"]
[SourceQuality "1"]

1. d4 d5 2. c4 c6 3. Nf3 Nf6 4. Nc3 a6 5. c5 Nbd7 6. Bf4 Nh5 7. e3 b6 8. cxb6 Qxb6 9. Bd3 Nxf4 10. exf4 Qxb2 11. Rc1 g6 12. O-O Bh6 13. Qa4 Qb7 14. Rc2 Rb8 15. Ne2 Nb6 16. Qxc6+ Qxc6 17. Rxc6 Bd7 18. Rc7 Nc4 19. Ne5 Bb5 20. Nxc4 dxc4 21. Bxc4 Bxc4 22. Rxc4 O-O 23. Rfc1 f6 24. g3 e5 25. d5 Rfd8 26. Rd1 Rb2 27. Nc3 exf4 28. gxf4 f5 29. d6 Bf8 30. d7 Rc2 31. Rc6 Kf7 32. Rd3 Bg7 33. Rc8 Bf6 34. Nb5 Rb2 35. Na7 1-0

[Event "Montreal-A"]
[Site "Montreal CAN"]
[Date "2004.08.11"]
[Round "7"]
[White "Charbonneau, Pascal"]
[Black "Roussel-Roozmon, Thomas"]
[Result "1-0"]
[WhiteElo "2472"]
[BlackElo "2451"]
[PlyCount "109"]
[GameId "2160767911086435"]
[EventDate "2004.08.04"]
[EventType "tourn"]
[EventRounds "11"]
[EventCountry "CAN"]
[EventCategory "12"]
[SourceTitle "CBM 103"]
[Source "ChessBase"]
[SourceDate "2004.11.11"]
[SourceVersion "1"]
[SourceVersionDate "2004.11.11"]
[SourceQuality "1"]

1. e4 e5 2. f4 exf4 3. Bc4 Nf6 4. Nc3 c6 5. Bb3 d5 6. exd5 cxd5 7. d4 Bb4 8. Nf3 O-O 9. O-O Bxc3 10. bxc3 Qc7 11. Qe1 Nc6 12. Ne5 Nxe5 13. Bxf4 Qc6 14. Bxe5 Ne4 15. Rf4 Be6 16. c4 dxc4 17. Qxe4 Qxe4 18. Rxe4 cxb3 19. axb3 Bf5 20. Re2 Rfe8 21. Rf2 Bg6 22. c4 a6 23. Bc7 Re3 24. d5 Rae8 25. Raf1 f6 26. Rf3 Kf7 27. Bb6 Rxf3 28. Rxf3 Ke7 29. Kf2 Kd7 30. Rg3 Rg8 31. Ke3 Re8+ 32. Kd2 Re4 33. Ba5 Rh4 34. h3 Rf4 35. Bb4 Ke8 36. Bd6 Re4 37. Kc3 Kf7 38. Kb4 Re2 39. Kc5 b5 40. Bf4 Be4 41. Kd6 g5 42. Re3 Rxe3 43. Bxe3 bxc4 44. bxc4 Bd3 45. c5 Be4 46. g3 h5 47. c6 a5 48. Kc5 Ke8 49. d6 Bf5 50. Kb6 Kd8 51. Bd4 Bxh3 52. Bxf6+ Kc8 53. Bxg5 a4 54. Bc1 Bg4 55. Kb5 1-0

[Event "Montreal-A"]
[Site "Montreal CAN"]
[Date "2004.08.12"]
[Round "8"]
[White "Nataf, Igor A"]
[Black "Charbonneau, Pascal"]
[Result "1-0"]
[WhiteElo "2553"]
[BlackElo "2472"]
[PlyCount "95"]
[GameId "2160767911086444"]
[EventDate "2004.08.04"]
[EventType "tourn"]
[EventRounds "11"]
[EventCountry "CAN"]
[EventCategory "12"]
[SourceTitle "CBM 103"]
[Source "ChessBase"]
[SourceDate "2004.11.11"]
[SourceVersion "1"]
[SourceVersionDate "2004.11.11"]
[SourceQuality "1"]

1. e4 c5 2. Nf3 e6 3. d4 cxd4 4. Nxd4 a6 5. Be2 Nf6 6. Nc3 Qc7 7. O-O Bb4 8. Bg5 Bxc3 9. Bxf6 gxf6 10. bxc3 Qxc3 11. Rb1 b5 12. Rb3 Qc5 13. Qd2 Bb7 14. Rd1 Rg8 15. Bf3 Qg5 16. Qd3 Ra7 17. Rc3 Kf8 18. h4 Qh6 19. Rc7 Qf4 20. Qc3 Kg7 21. g3 Qe5 22. Rc5 d5 23. exd5 Nd7 24. Rc7 b4 25. Nxe6+ Kh8 26. Qxe5 Nxe5 27. Nd4 Rc8 28. Re7 Kg8 29. Bg2 Ng6 30. Rd7 Ne5 31. Re7 Ng6 32. Rd7 Ne5 33. Rd6 Kg7 34. Nf5+ Kf8 35. Rxf6 Rxc2 36. Re1 Ng4 37. Rd6 Ra8 38. Rd7 Rxf2 39. Nh6 Rxg2+ 40. Kxg2 Bxd5+ 41. Rxd5 Nxh6 42. Ra5 Rc8 43. Re4 Rc2+ 44. Kh3 Rb2 45. Rxa6 Kg7 46. Re5 f6 47. Re7+ Kg6 48. g4 1-0

[Event "Montreal-A"]
[Site "Montreal CAN"]
[Date "2004.08.13"]
[Round "9"]
[White "Charbonneau, Pascal"]
[Black "Efimenko, Zahar"]
[Result "1/2-1/2"]
[WhiteElo "2472"]
[BlackElo "2572"]
[PlyCount "81"]
[GameId "2160767911086447"]
[EventDate "2004.08.04"]
[EventType "tourn"]
[EventRounds "11"]
[EventCountry "CAN"]
[EventCategory "12"]
[SourceTitle "CBM 103"]
[Source "ChessBase"]
[SourceDate "2004.11.11"]
[SourceVersion "1"]
[SourceVersionDate "2004.11.11"]
[SourceQuality "1"]

1. e4 c5 2. Nf3 d6 3. d4 cxd4 4. Nxd4 Nf6 5. Nc3 a6 6. Be2 e5 7. Nb3 Be7 8. O-O O-O 9. Kh1 b6 10. Be3 Bb7 11. f3 Nbd7 12. a4 Rc8 13. Qd2 Rc7 14. Rfd1 Qa8 15. Nc1 Rd8 16. a5 b5 17. Bb6 Nxb6 18. axb6 Rcc8 19. Nxb5 d5 20. Nc7 Qb8 21. Nd3 dxe4 22. fxe4 Bxe4 23. Qe3 Qb7 24. Ne1 Rxd1 25. Rxd1 Rb8 26. Nxa6 Qxb6 27. Qxb6 Rxb6 28. b4 Bc6 29. c3 Ne4 30. Rc1 Bg5 31. Rc2 Ba4 32. Ra2 Nxc3 33. Ra3 Nxe2 34. Rxa4 h6 35. Nc5 Nc3 36. Ra8+ Kh7 37. Nd7 Rd6 38. Nf8+ Kg8 39. Nd7+ Kh7 40. Nf8+ Kg8 41. Nd7+ 1/2-1/2

[Event "Montreal-A"]
[Site "Montreal CAN"]
[Date "2004.08.14"]
[Round "10"]
[White "Moiseenko, Alexander"]
[Black "Charbonneau, Pascal"]
[Result "1-0"]
[WhiteElo "2640"]
[BlackElo "2472"]
[PlyCount "73"]
[GameId "2160767911086456"]
[EventDate "2004.08.04"]
[EventType "tourn"]
[EventRounds "11"]
[EventCountry "CAN"]
[EventCategory "12"]
[SourceTitle "CBM 103"]
[Source "ChessBase"]
[SourceDate "2004.11.11"]
[SourceVersion "1"]
[SourceVersionDate "2004.11.11"]
[SourceQuality "1"]

1. d4 d5 2. c4 c6 3. Nc3 Nf6 4. e3 a6 5. Qc2 g6 6. Bd3 Bg7 7. Nf3 O-O 8. O-O Bg4 9. Ne5 Be6 10. c5 Nfd7 11. Nxd7 Nxd7 12. Bd2 b6 13. b4 a5 14. a3 axb4 15. axb4 bxc5 16. bxc5 Qc7 17. Ra4 Ra7 18. h3 Rfa8 19. Rb1 f6 20. Rxa7 Rxa7 21. Na2 Nf8 22. Nb4 Bc8 23. e4 e6 24. Qc1 dxe4 25. Bxe4 f5 26. Bf3 Bd7 27. Bf4 Qc8 28. Be5 Bxe5 29. dxe5 Rb7 30. Qc3 Qc7 31. Ra1 Rb5 32. Qd4 Qb7 33. Ra4 Qc7 34. Ra6 Qb7 35. Rb6 Rxb6 36. cxb6 Be8 37. Qd8 1-0

[Event "Montreal-A"]
[Site "Montreal CAN"]
[Date "2004.08.15"]
[Round "11"]
[White "Charbonneau, Pascal"]
[Black "Huzman, Alexander"]
[Result "1/2-1/2"]
[WhiteElo "2472"]
[BlackElo "2588"]
[PlyCount "65"]
[GameId "2160767911086459"]
[EventDate "2004.08.04"]
[EventType "tourn"]
[EventRounds "11"]
[EventCountry "CAN"]
[EventCategory "12"]
[SourceTitle "CBM 103"]
[Source "ChessBase"]
[SourceDate "2004.11.11"]
[SourceVersion "1"]
[SourceVersionDate "2004.11.11"]
[SourceQuality "1"]

1. e4 c5 2. Nf3 d6 3. Bc4 Nf6 4. d3 Nc6 5. Bb3 g6 6. O-O Bg7 7. h3 O-O 8. c3 e5 9. Re1 Be6 10. Na3 Nh5 11. Nc4 h6 12. Ne3 Bxb3 13. axb3 Nf4 14. Kh2 Qd7 15. d4 cxd4 16. cxd4 exd4 17. Ng4 f5 18. exf5 Qxf5 19. Nh4 Qf7 20. g3 g5 21. gxf4 gxh4 22. f5 h5 23. Nh6+ Bxh6 24. Bxh6 Qxf5 25. f4 Kh7 26. Bg5 Qf7 27. Re6 Qxe6 28. Qxh5+ Kg7 29. Rg1 Ne5 30. Bh6+ Kf6 31. Bg5+ Kg7 32. Bh6+ Kf6 33. Bg5+ 1/2-1/2